South America, Chile, Boca del Guafo to Canal Moraleda /

Bibliographic Details
Corporate Author: United States. Defense Mapping Agency. Hydrographic/Topographic Center
Format: Government Document Map
Language:English
Published: Washington, D.C. : The Center : 1989.
Edition:1st ed., Sept. 16, 1989 (Correct through NM 37/89).
Subjects:

MARC

Tag First Indicator Second Indicator Subfields
LEADER 00000cem a2200000 a 4500
001 in00001069130
005 20150929103305.0
007 aj canzn
008 920312s1991 dcufgekbd a f 0 eng d
010 |a (DG92064943  
034 1 |a a  |b 200000  |d W0751800  |e W0723200  |f S0431600  |g S0443800 
035 |a (OCoLC)25465883 
035 |9 AFP6047AM 
037 |a 22 ACO 22360  |b DMA 
040 |a GPO  |c GPO  |d DLC  |d UtOrBLW 
052 |a 5332  |b C6 
052 |a 9250 
074 |a 378-E-22 
086 0 |a D 5.356:22360/989 
110 1 |a United States.  |b Defense Mapping Agency.  |b Hydrographic/Topographic Center. 
245 1 0 |a South America, Chile, Boca del Guafo to Canal Moraleda /  |c prepared and published by the Defense Mapping Agency Hydrographic/Topographic Center. 
250 |a 1st ed., Sept. 16, 1989 (Correct through NM 37/89). 
255 |a Scale 1:200,000 at lat. 4400ʹ;  |b Mercator proj.  |c (W 7518ʹ00ʺ--W 7232ʹ00ʺ/S 4316ʹ00ʺ--S 4438ʹ00ʺ). 
264 1 |a Washington, D.C. :  |b The Center :  |c 1989. 
264 2 |a Washington, D.C. :  |b [DMA, Combat Support Center, DOA, distributor], 
300 |a 1 map :  |b color ;  |c 76 x 111 cm. 
336 |a cartographic image  |b cri  |2 rdacontent 
337 |a unmediated  |b n  |2 rdamedia 
338 |a sheet  |b nb  |2 rdacarrier 
500 |a Depths shown by isolines and soundings. 
500 |a Relief shown by form lines, hachures, and spot heights. 
500 |a "From Chilean charts to 1988." 
500 |a "Copyright restrictions of the country of origin continue to exist." 
500 |a "Soundings in meters." 
500 |a Inset: Puerto Melinca. Scale 1:25,000. 
500 |a Includes compilation diagram. 
500 |a Cartographic material. 
650 0 |a Nautical charts  |z Chile  |z Corcovado Gulf. 
651 0 |a Corcovado Gulf (Chile)  |x Navigation. 
651 0 |a South Pacific Ocean  |x Navigation. 
651 0 |a Pacific Coast (Chile) 
740 0 |a Boca del Guafo to Canal Moraleda. 
999 |a MARS 
999 f f |s 4281a801-68a8-30e6-b29e-417c6533d64e  |i 178d0897-b1a2-3d22-892c-c9877fbd892d  |t 0 
952 f f |p normal  |a Texas A&M University  |b College Station  |c Sterling C. Evans Library  |d Evans: Maps (2nd floor)  |t 0  |e D 5.356:22360/989  |h Superintendent of Documents classification  |i unmediated -- sheet 
998 f f |a D 5.356:22360/989  |t 0  |l Evans: Maps (2nd floor)